Responses for Show #1648 - Wednesday, October 30, 1991

Missing contestant introductions.

Contestants

[<< previous game]

Jonathan Loeb, from

Eileen Doherty, an educational consultant from Whitestone, New York

Greg Shepherd, a college music instructor from Honolulu, Hawaii (whose 1-day cash winnings total $9,001)

[next game >>]

Jeopardy! Round responses

HISTORIC QUOTES
CLOTHING
WORLD FACTS
ARCHITECTURE
BASEBALL GREATS
CELEBRITY JEOPARDY!
(Alex: And these are quotes spoken to us by celebrities, in their own words.)
    $100 16
"ask what you can do for your country."

Greg
    $100 18
the bodice

Eileen
    $100 11
the Atlantic & the Pacific

Jonathan
    $100 1
a staircase

Greg
    $100 6
Ty Cobb

Greg
    $100 23
Little Richard

Jonathan
    $200 17
Barry Goldwater

Jonathan
    $200 19
cuff links

Greg
    $200 12
India

Eileen
    $200 2
New York City

Greg
    $200 7
Yogi Berra

Greg
    $200 24
Mickey Dolenz

Greg
    $300 20
MacArthur

Greg
    $300 28
(Alex: And you're wearing one, yes.)
[The end-of-round signal sounds.]

a double breasted jacket

Greg
    $300 13
the Netherlands

Greg
    $300 3
stalactites

Greg
    $300 8
(Greg: Who is Pee Wee Reese?)

Maury Wills

GregJonathan
    $300 25
John Davidson

Eileen
    $400 21
Jefferson Davis

Greg
    $400 14
(Greg: What is Uruguay?)

Paraguay

GregJonathan
    $500 4
Gothic style

Greg
    $400 9
Bob Gibson

Jonathan
    $400 26
Robert Urich

Jonathan
    $500 22
(Alex: We have a minute to go.)

P.T. Barnum

Jonathan
    $500 15
Budapest

Greg
    $500 5
a dome

Greg
    $500 10
Walter Johnson

Jonathan
    $500 27
Don Cornelius

Triple Stumper

Scores at the first commercial break (after clue 13):

Greg Eileen Jonathan
$1,900 $200 $1,300

Scores at the end of the Jeopardy! Round:

Greg Eileen Jonathan
$3,500 $600 $2,900

Double Jeopardy! Round responses

SCIENCE
NOTORIOUS
BOOKS & AUTHORS
WYOMING
OPERA
FAMOUS DOCTORS
    $200 2
DDT

Eileen
    $200 3
Jack the Ripper

Eileen
    $200 29
[The end-of-round signal sounds.]

trails

Jonathan
    $200 5
Porgy and Bess

Jonathan
    $200 1
Pavlov

Jonathan
    $400 16
formaldehyde

Eileen
    $400 17
Kim

Greg
    $400 28
(Greg: Who is Tolkien?)

(Isaac) Asimov

GregEileen
    $400 27
Cody

Jonathan
    $400 12
Mozart

Greg
    $400 4
Tom Dooley

Greg
    $600 8
(Greg: What is laughing gas?)

chloroform

GregEileen
    $600 19
Torquemada

Greg
    $600 18
Rex Stout

Triple Stumper
    $600 24
mountain men

Jonathan
    $600 13
a clown

Greg
    $1,000 9
Dr. Spock

Eileen
    $800 7
(Alex: Same as the ferryman on the river Styx, [*].)

Charon

Triple Stumper
    $800 20
(Greg: What is [stuttering] Murder for Hire?)

Murder Incorporated

GregEileen
    $800 22
Australia

Greg
    $800 26
(Greg: What is Cheyenne?)
(Jonathan: What is Caspar?)

Laramie

GregJonathan
Triple Stumper
    $800 14
(Eileen: Who is Leontyne Price?)

Marian Anderson

Eileen
Triple Stumper
    $800 10
childbirth

Eileen
    $1000 6
carotene

Triple Stumper
    $1000 21
Rasputin

Greg
    $1,500 23
(Alex: Taking us to less than a minute to the end of this round.)

Martin Cruz Smith

Greg
    $1000 25
(Alex: His wife, Nellie Tayloe Ross.)

William Ross

Triple Stumper
    $1000 15
Rigoletto

Greg
    $1000 11
Sakharov

Greg

Scores at the end of the Double Jeopardy! Round:

Greg Eileen Jonathan
$8,600 $4,200 $3,700
(lock game)

[wagering suggestions for these scores]

Final Jeopardy! Round responses

ACTORS & THEIR ROLES
(Alex: [Before reading the clue] This is always a popular subject, for trivia buffs especially.)
...
(Alex: [To Greg] Who is... what was it going to be?)
(Greg: Beau Brummel.)
(Alex: No. Probably the one that threw you off was Ronald Reagan. He played in the film Santa Fe Trail, in 1940, [*], as did all of the others. Not in that film, of course.)
JonathanWho is G Gipp?
$3,699
EileenWho is Robin Hood
$4,200
GregWho is Beau B
$100
George Armstrong Custer

Final scores:

Greg Eileen Jonathan
$8,500 $0 $1
2-day champion: $17,501 3rd place: Magic Chef electric range + Nintendo Entertainment System & games 2nd place: trip for 2 to Chicago

Game dynamics:

Coryat scores:

Greg Eileen Jonathan
$8,000 $3,800 $3,700
25 R
(including 2 DDs),
6 W
11 R
(including 1 DD),
1 W
14 R,
1 W

Combined Coryat: $15,500

[game clues] [game scores] [suggest correction]

Game tape date: 1991-09-10
The J! Archive is created by fans, for fans. Scraping, republication, monetization, and malicious use prohibited; this site may use cookies and collect identifying information. See terms. The Jeopardy! game show and all elements thereof, including but not limited to copyright and trademark thereto, are the property of Jeopardy Productions, Inc. and are protected under law. This website is not affiliated with, sponsored by, or operated by Jeopardy Productions, Inc. Join the discussion at JBoard.tv.